000 00287nam a22001337a 4500
008 170214b xxu||||| |||| 00| 0 eng d
020 _a9781622541430
041 _aeng
080 _a61
100 _a4
101 _aSHM
245 _aICD 9 CM PROFESIONAL FOR HOSPITAL
942 _2udc
_cBK
999 _c5344
_d5344